000 00456nam a2200145Ia 4500
008 220216s9999 xx 000 0 und d
100 _aCunneen J I
245 0 _aCis-Trans isomerisation in polyisoprenes.Pr.VI.Production of crystallisation-inhabited natural rubber by treatment with butadiene sulphone
260 _bIRI Transactions
_c1960
300 _a17-28
650 _aPolyisoprenes
700 _aSwift P McL
700 _aWatson W F
942 _cJS
999 _c55607
_d55607